| 000 | 00816nam a22002177a 4500 | ||
|---|---|---|---|
| 005 | 20100730151430.0 | ||
| 010 | _aENG-97482 | ||
| 020 |
_a9788184502589 _c990.00 |
||
| 035 | _aEN-81015 | ||
| 037 | _bDBAD/PUB | ||
| 082 | _a488.07 | ||
| 100 |
_aPrusty, Pramod Kumar _92732 |
||
| 245 |
_aCreative method of teaching english / _cby Pramod Kumar Prusty [and] Jagannath Mohanty |
||
| 260 |
_aNew Delhi _bDeep and Deep Publication _c2010 |
||
| 270 |
_aF-129, Rajouri Garden _bNew Delhi _e110027 |
||
| 300 |
_axii, 250p _c23cm (Hb) |
||
| 500 | _aIncludes bibliographical refrences | ||
| 700 |
_aMohanty, Jagannath _92733 |
||
| 942 |
_2ddc _cEN _h488.07 _mPRU |
||
| 999 |
_c38294 _d38294 |
||